|
|
|
|
| LEADER |
01451nam a2200313 u 4500 |
| 001 |
10063580 |
| 003 |
upatras |
| 005 |
20220103112711.0 |
| 008 |
070830s2006 ge eng |
| 952 |
|
|
|0 0
|1 0
|4 0
|6 720_920000000000000_ROG
|7 0
|9 62289
|a ARCH
|b ARCH
|d 2016-04-24
|i 004694
|l 4
|m 1
|o 720.92 ROG
|p 025000148131
|r 2022-02-18 00:00:00
|s 2022-02-04
|t 1
|w 2016-04-24
|y BK15
|
| 952 |
|
|
|0 0
|1 0
|4 0
|6 720_920000000000000_ROG
|7 0
|9 62290
|a ARCH
|b ARCH
|d 2016-04-24
|i 005330
|l 0
|o 720.92 ROG
|p 025000157576
|r 2016-04-24 00:00:00
|t 2
|w 2016-04-24
|y BK15
|
| 999 |
|
|
|c 39904
|d 39904
|
| 020 |
|
|
|a 3764370491
|
| 040 |
|
|
|a ΠΑΝΕΠΙΣΤΗΜΙΟ ΠΑΤΡΑΣ
|c ΠΑΝΕΠΙΣΤΗΜΙΟ ΠΑΤΡΑΣ
|
| 041 |
0 |
|
|a eng
|
| 082 |
0 |
4 |
|a 720.92
|
| 100 |
1 |
|
|a Powell, Kenneth,
|d 1947-
|9 56436
|
| 245 |
1 |
0 |
|a Richard Rogers
|b architecture of the future
|c Kenneth Powell; edited by Robert Torday
|
| 260 |
|
|
|a Basel
|b Birkhauser
|c 2006
|
| 300 |
|
|
|a 520 p.
|b ill.
|c 25 cm.
|
| 504 |
|
|
|a Includes index
|
| 600 |
|
0 |
|a Rogers, Richard
|d 1933-
|9 30076
|
| 650 |
|
4 |
|a Αρχιτεκτονική
|y 20ός αιώνας
|9 6376
|
| 650 |
|
4 |
|a Αρχιτεκτονική
|y 21ος αι.
|9 34594
|
| 700 |
1 |
|
|a Torday, Robert
|4 edt
|9 56437
|
| 852 |
|
|
|a GR-PaULI
|b ΠΑΤΡΑ
|b ΑΡΧΙΤΕΚΤΟΝΙΚΗ
|k ΑΣΧΞ-2
|h 720.92 ROG
|m 004694
|p 025000148131
|t 1
|
| 852 |
|
|
|a GR-PaULI
|b ΠΑΤΡΑ
|b ΑΡΧΙΤΕΚΤΟΝΙΚΗ
|k ΑΣΧΞ-2
|h 720.92 ROG
|m 005330
|p 025000157576
|t 2
|
| 942 |
|
|
|2 ddc
|c BK15
|
| 998 |
|
|
|c Λοτσάρη
|d 2007-08
|